Statistics for Swedish Rap

Click here to take the quiz!

General Stats

  • This quiz has been taken 18 times
  • The average score is 9 of 15

Answer Stats

Song nameSinger% Correct
Welcome to SwedenEinár
93%
No wayDree Low
80%
Ice CreamGreekazo
80%
Räkna mina Dagar1.Cuz
67%
Lean&SpriteAsme
67%
Talk 2 MeYasin
67%
ZuttluktenDizzy
60%
SicariosHaval
60%
No CapAdel
53%
Many Men23
47%
Likkle BoySaretti
47%
AutomaticC.Gambino
40%
SkrrtK27
40%
4 GrabbarLee Blocc Boy
33%
Chiquita5iftyy
27%

Score Distribution

Percentile by Number Answered

Percent of People with Each Score

Your Score History

You have not taken this quiz